00413nam a2200145 4500010001500000020002600015035001400041037000900055082001100064100001600075245004500091260004200136270006000178300002900238 aENG-143457 a9789391109974c995.00 aEN-126989 bDBAD a910.41 aPhool Kumar aTourism in Uttarakhand /cby Phool Kumar aNew DelhibThe Readers Paradisec2021 bNew Delhia103,4787/23, Ansari Road Darya Ganj,e110002 a349p.:c24cm(Hb)billus.